La campana del arrecife / (Registro nro. 4061)

Detalles MARC
000 -LEADER
fixed length control field 01222nam a2200253Ia 4500
003 - CONTROL NUMBER IDENTIFIER
control field OSt
005 - DATE AND TIME OF LATEST TRANSACTION
control field 20200718124123.0
008 - FIXED-LENGTH DATA ELEMENTS--GENERAL INFORMATION
fixed length control field 191128s2001 ck er 000 f spa d
020 ## - INTERNATIONAL STANDARD BOOK NUMBER
International Standard Book Number 9580408548
040 ## - CATALOGING SOURCE
Original cataloging agency CO-JMCR
Transcribing agency CO-JMCR
041 ## - LANGUAGE CODE
Language code of text/sound track or separate title spa
082 04 - DEWEY DECIMAL CLASSIFICATION NUMBER
Classification number N /
Item number KENc
100 1# - MAIN ENTRY--PERSONAL NAME
Personal name Kendall, Sarita,
Dates associated with a name 1943
Relator term autora
9 (RLIN) 7531
245 13 - TITLE STATEMENT
Title La campana del arrecife /
Statement of responsibility, etc. Sarita Kendall ; traducción Jorge Cárdenas Nannetti
260 ## - PUBLICATION, DISTRIBUTION, ETC.
Place of publication, distribution, etc. Bogotá :
Name of publisher, distributor, etc. Norma,
Date of publication, distribution, etc. 2001
300 ## - PHYSICAL DESCRIPTION
Extent 174 páginas ;
Dimensions 19 cm.
490 0# - SERIES STATEMENT
Series statement Torre de papel. Torre amarilla
500 ## - GENERAL NOTE
General note Recomendado a partir de 11 años.
505 ## - FORMATTED CONTENTS NOTE
Formatted contents note Viernes: la isla -- Viernes: Cartagena -- Sábado: el arrecife -- Domingo: el cable -- Lunes por la mañana: otra vez en el arrecife -- Lunes por la tarde: el descabezado -- Martes: la biblioteca -- Miércoles: Kika se luce -- Jueves: la partida
520 ## - SUMMARY, ETC.
Summary, etc. Dos niños, un isleño y una norteamericana, descubren un disco de oro en los arrecifes de una isla caribeña ubicada en las costas de Colombia. Juntos intentan sacar el disco del fondo del mar, y encuentran vestigios de un naufragio.
650 14 - SUBJECT ADDED ENTRY--TOPICAL TERM
Topical term or geographic name entry element Novela juvenil
9 (RLIN) 7533
700 ## - ADDED ENTRY--PERSONAL NAME
Personal name Cárdenas Nannetti, Jorge,
Relator term traductor
9 (RLIN) 2223
942 ## - ADDED ENTRY ELEMENTS (KOHA)
Source of classification or shelving scheme Dewey Decimal Classification
Koha item type Books

No hay ítems disponibles.